| 000 | 01199cam a22001814a 4500 | ||
|---|---|---|---|
| 005 | 20250605164343.0 | ||
| 008 | 250528s ||||||||||||||||||||||||d | ||
| 035 | _a23753 | ||
| 040 |
_aGR-AtMCL _bgre _dGR-AtMCL _eAACR2 |
||
| 245 | 1 | _aPreschool Teachers' Attitudes Towards Inclusive Education in Athens, Greece/Dissertation Submitted to the University of Derby in Partial Fulfillment of the Requirements for the Degree of Master of Arts in Education | |
| 260 | _c2019 | ||
| 300 | _a93 | ||
| 520 | _aAim and the Purpose of the Study, Literature Review, Introduction, Inclusion: The Meaning and the Philosophy Behind the Words, Mainstream Teachers' Attitudes Towards Inclusion, Challenges of Inclusion, Methodology, Introduction, Methodology Approach, Data Collection Method, Sample, Access and Ethics, Data Analysis, Findings, Introduction, Conceptualization of Inclusion and the Role of the Preschool Teacher, Attitudes Towards the Inclusion of SEND Children, Challenges andf Limitations for Inclusion, Discussion, Conclusion and Recommendations, Limitations of the Study, References, Appendices. | ||
| 700 | 1 |
_aTouratzidou Kyriaki _99292 |
|
| 942 | _cDS | ||
| 999 |
_c8695 _d8695 |
||